[Event "FIDE World Cup 2023"]
[Site "Baku AZE"]
[Date "2023.07.30"]
[Round "1.1"]
[White "Supi, Luis Paulo"]
[Black "Fawzy, Adham"]
[Result "1/2-1/2"]
[WhiteTitle "GM"]
[BlackTitle "GM"]
[WhiteElo "2582"]
[BlackElo "2533"]
[WhiteFideId "2106388"]
[BlackFideId "10613129"]
[EventDate "2023.07.30"]
[EventType "k.o."]

1. Nf3 Nf6 2. g3 g6 3. Bg2 Bg7 4. O-O O-O 5. c4 c6 6. b3 Ne4 7. d4 d5 8. Bb2 Be6
9. Nbd2 f5 10. e3 Na6 11. Qe2 Qd7 12. Rfd1 Nc7 13. Rac1 Rac8 14. Ne1 Rfd8 15.
Nd3 Qe8 16. Nf3 Nd6 17. Nfe5 Nf7 18. Nc5 Bxe5 19. dxe5 dxc4 20. Nxb7 Rxd1+ 21.
Qxd1 Bd5 22. e6 Ng5 23. f3 Rb8 24. Nc5 Ncxe6 25. Nxe6 Bxe6 26. Qd4 Qf8 27. bxc4
Nf7 28. Ba1 a5 29. e4 Rd8 30. Qc3 fxe4 31. fxe4 Qh6 32. Rf1 c5 33. h4 Rd4 34.
Qf3 Rd8 35. Bh3 Bxc4 36. Re1 Rd3 37. Qf2 Qd2 38. Qxd2 Rxd2 39. a4 Bb3 40. Rc1
Bxa4 41. Bc3 Rd1+ 42. Rxd1 Bxd1 43. Bxa5 Bf3 44. Be6 Bxe4 45. Bb6 Bf5 46. Bxf7+
Kxf7 1/2-1/2

[Event "FIDE World Cup 2023"]
[Site "Baku AZE"]
[Date "2023.07.30"]
[Round "1.1"]
[White "Ivanisevic, Ivan"]
[Black "Michalik, Peter"]
[Result "1/2-1/2"]
[WhiteTitle "GM"]
[BlackTitle "GM"]
[WhiteElo "2536"]
[BlackElo "2582"]
[WhiteFideId "912417"]
[BlackFideId "14907526"]
[EventDate "2023.07.30"]
[EventType "k.o."]

1. d4 Nf6 2. Nf3 d5 3. Bf4 c5 4. e3 e6 5. Nbd2 Qb6 6. Rb1 cxd4 7. exd4 Bd7 8. c3
Bb5 9. Bxb5+ Qxb5 10. a4 Qa6 11. Qb3 Nbd7 12. Qb5 Nh5 13. Be3 Bd6 14. O-O Nf6
15. b3 Qxb5 16. axb5 a6 17. Ra1 O-O 18. bxa6 bxa6 19. Rfc1 a5 20. Ne1 Rfb8 21.
f3 e5 22. Nd3 e4 23. Nc5 exf3 24. gxf3 Re8 25. Nf1 Nf8 26. Nd3 Ne6 27. Ra2 h6
28. Rca1 Rab8 29. Nd2 Ng5 30. Re1 Bc7 31. Kg2 Ne6 32. Bf2 Rec8 33. Be3 Bb6 34.
Rc1 Nh5 35. Raa1 Rb7 36. Nf1 Bc7 37. Rcb1 Bd8 38. Nc5 Rb5 39. Nd2 Nhf4+ 40. Kf1
Nxc5 41. dxc5 Ne6 42. b4 axb4 43. Rxb4 Ra5 44. Rab1 Bc7 45. Nb3 Ra2 46. Rd1 Rxh2
47. Rxd5 g5 48. Rd2 Rh1+ 49. Bg1 Ra8 50. Kg2 Rh5 51. Rb7 Be5 52. c6 Rc8 53. Nd4
Nf4+ 54. Kf1 Bxd4 55. Rxd4 Ne6 56. Rd6 Rh3 57. Ke2 g4 58. fxg4 Rxc3 59. Rb6 1/2-1/2

[Event "FIDE World Cup 2023"]
[Site "Baku AZE"]
[Date "2023.07.30"]
[Round "1.1"]
[White "Gareyev, Timur"]
[Black "Cordova, Emilio"]
[Result "0-1"]
[WhiteTitle "GM"]
[BlackTitle "GM"]
[WhiteElo "2581"]
[BlackElo "2542"]
[WhiteFideId "14200937"]
[BlackFideId "3801497"]
[EventDate "2023.07.30"]
[EventType "k.o."]

1. d4 Nf6 2. c4 e6 3. Nf3 b6 4. a3 Ba6 5. Qc2 Bb7 6. Nc3 c5 7. e4 cxd4 8. Nxd4
Bc5 9. Nf3 Nc6 10. b4 Bd6 11. Bb2 Qb8 12. Rd1 Be7 13. Be2 d6 14. Nd5 exd5 15.
cxd5 Ne5 16. Nxe5 dxe5 17. Bb5+ Kf8 18. O-O a6 19. Bc6 Bxc6 20. dxc6 Qe8 21.
Bxe5 Rc8 22. c7 h5 23. Rd3 Rh6 24. Bf4 Rg6 25. e5 Nh7 26. Rc3 Kg8 27. Be3 a5 28.
bxa5 bxa5 29. Rb1 Ra6 30. h3 Nf8 31. f4 h4 32. f5 Nd7 33. Qd3 Raa8 34. e6 fxe6
35. fxe6 Nf8 36. Qd5 Ra6 37. Re1 Rxe6 38. Bf2 Qd7 39. Qc4 Bf6 40. Rcc1 Qf7 41.
Rxe6 Nxe6 42. Qa6 Rxc7 43. Rxc7 Nxc7 44. Qxa5 Qc4 45. Qc5 Qf4 46. Qc2 Nd5 47.
Qc8+ Kh7 48. Qc2+ g6 49. Qd1 Be5 50. Qe1 Nc3 51. Qe3 Qf5 52. Qa7+ Kh6 53. Qe3+
g5 54. Qe1 Kg6 55. Bb6 Qf4 56. Be3 Qc4 57. Qf1 0-1

[Event "FIDE World Cup 2023"]
[Site "Baku AZE"]
[Date "2023.07.30"]
[Round "1.1"]
[White "Bernadskiy, Vitaliy"]
[Black "Kuybokarov, Temur"]
[Result "1/2-1/2"]
[WhiteTitle "GM"]
[BlackTitle "GM"]
[WhiteElo "2545"]
[BlackElo "2581"]
[WhiteFideId "14100371"]
[BlackFideId "14203049"]
[EventDate "2023.07.30"]
[EventType "k.o."]

1. d4 Nf6 2. Bg5 d5 3. Nd2 c5 4. dxc5 Nc6 5. c3 a5 6. Ngf3 h6 7. Bxf6 exf6 8. e4
Bxc5 9. exd5 Qxd5 10. Bc4 Qh5 11. Ne4 O-O 12. Qd5 Qxd5 13. Bxd5 Be7 14. O-O-O
Bg4 15. h3 Bxf3 16. gxf3 f5 17. Bxc6 bxc6 18. Nd6 g6 19. Rhe1 Ra7 20. Kc2 a4 21.
Nc4 Rb8 22. Ne5 Rc8 23. Rd7 Bc5 24. Red1 Rcc7 25. Rxc7 Rxc7 26. Rd8+ Kg7 27. Nd3
Ba7 28. c4 c5 29. Rd6 g5 30. Kd2 h5 31. Ke2 Re7+ 32. Kf1 Re6 33. Rd5 Kf6 34.
Nxc5 Rc6 35. Nd7+ Ke6 36. b3 axb3 37. axb3 h4 38. Kg2 Ra6 39. f4 Ra3 40. fxg5
Rxb3 41. Ne5 Rc3 42. Nd3 Bb8 43. Rd4 Ba7 44. Rd5 Bb8 45. Nc5+ Ke7 46. Rd4 Rc2
47. Nd3 Ba7 48. Rd5 Rd2 49. Kf1 Bb6 50. c5 Bc7 51. Nb4 Rb2 52. Rd4 Ke6 53. Nd3
Rb3 54. Ke2 f4 55. c6 Rc3 56. Nxf4+ Ke5 57. Rd7 Kxf4 58. Rxc7 Kxg5 59. Kd2 Rc5
60. Kd3 f5 61. Rc8 Kf4 62. Kd4 Rc2 63. Kd5 Rd2+ 64. Ke6 Re2+ 65. Kf6 Rxf2 66.
Rh8 Rc2 67. Rxh4+ Kg3 68. Kg5 Rxc6 69. Rf4 Rc8 70. Rxf5 Rg8+ 71. Kf6 Rf8+ 72.
Ke5 Rxf5+ 73. Kxf5 Kxh3 1/2-1/2

[Event "FIDE World Cup 2023"]
[Site "Baku AZE"]
[Date "2023.07.30"]
[Round "1.1"]
[White "Daneshvar, Bardiya"]
[Black "Muradli, Mahammad"]
[Result "1-0"]
[WhiteTitle "GM"]
[BlackTitle "GM"]
[WhiteElo "2577"]
[BlackElo "2546"]
[WhiteFideId "12576468"]
[BlackFideId "13409301"]
[EventDate "2023.07.30"]
[EventType "k.o."]

1. c4 e5 2. Nc3 Nf6 3. Nf3 e4 4. Ng5 c6 5. Qa4 Qe7 6. Qc2 b5 7. cxb5 d5 8. e3
Qe5 9. f4 Qc7 10. b3 h6 11. Nh3 Qb7 12. Bb2 Be7 13. Rc1 c5 14. Na4 Bxh3 15. Nxc5
Qc8 16. gxh3 Qf5 17. Qc3 O-O 18. Qe5 Qxe5 19. fxe5 Nfd7 20. d4 exd3 21. Nxd3 a6
22. a4 axb5 23. axb5 Ra5 24. Nf4 Ra2 25. Rb1 Nxe5 26. Nxd5 Bd6 27. Bc4 Nbd7 28.
O-O Rc8 29. Nc3 Ra7 30. Ne4 Bb8 31. Be2 Ra2 32. Rf2 Rc2 33. Bd1 Rxf2 34. Nxf2
Ba7 35. Bd4 Bxd4 36. exd4 Ng6 37. Bf3 Nf4 38. Rd1 Rb2 39. Bc6 Nb6 40. d5 Kf8 41.
d6 Ne6 42. d7 Ke7 43. Nd3 Rc2 44. b4 Nd8 45. Nc5 Re2 46. Kf1 Re5 47. Ra1 Nc4 48.
Ra8 Nd6 49. Kf2 g5 50. Rb8 Rf5+ 51. Ke1 Rf4 52. Na4 Nc4 53. Nc3 Ne3 54. Ke2 Rc4
55. Kd3 1-0

[Event "FIDE World Cup 2023"]
[Site "Baku AZE"]
[Date "2023.07.30"]
[Round "1.1"]
[White "Janik, Igor"]
[Black "Gumularz, Szymon"]
[Result "1/2-1/2"]
[WhiteTitle "GM"]
[BlackTitle "GM"]
[WhiteElo "2548"]
[BlackElo "2577"]
[WhiteFideId "1159259"]
[BlackFideId "1188062"]
[EventDate "2023.07.30"]
[EventType "k.o."]

1. d4 Nf6 2. c4 e6 3. Nc3 Bb4 4. f3 c5 5. d5 d6 6. e4 b5 7. Bd2 a6 8. a4 bxc4 9.
Bxc4 Nbd7 10. dxe6 fxe6 11. Bxe6 Ne5 12. Bxc8 Qxc8 13. Bf4 c4 14. Bxe5 dxe5 15.
Nh3 Qc5 16. Nf2 Bxc3+ 17. bxc3 Qe3+ 18. Kf1 Qxc3 19. Rc1 Qb4 20. Qc2 Rc8 21. Qc3
Qe7 22. g3 O-O 23. Kg2 h6 24. Rc2 Nh7 25. Ng4 Rc5 26. h4 Rb8 27. Rb2 Rxb2+ 28.
Qxb2 Nf6 29. Ne3 c3 30. Qb6 Kh7 31. Rf1 c2 32. Rc1 Qd7 33. Rxc2 Rxc2+ 34. Nxc2
Qxa4 35. Qb2 a5 36. Ne3 1/2-1/2

[Event "FIDE World Cup 2023"]
[Site "Baku AZE"]
[Date "2023.07.30"]
[Round "1.1"]
[White "Dragnev, Valentin"]
[Black "Kobo, Ori"]
[Result "1-0"]
[WhiteTitle "GM"]
[BlackTitle "GM"]
[WhiteElo "2576"]
[BlackElo "2548"]
[WhiteFideId "1634852"]
[BlackFideId "2812320"]
[EventDate "2023.07.30"]
[EventType "k.o."]

1. e4 e6 2. d4 d5 3. Nc3 Nf6 4. e5 Nfd7 5. f4 c5 6. Nf3 Nc6 7. Be3 a6 8. a3 cxd4
9. Nxd4 Bc5 10. Be2 Qb6 11. Na4 Qa5+ 12. c3 Bxd4 13. Bxd4 Nxd4 14. Qxd4 O-O 15.
O-O Qc7 16. b4 b5 17. Nb2 Nb6 18. Rfc1 Bd7 19. Nd3 Rfc8 20. Nc5 Be8 21. Bd3 Nd7
22. Nb3 Nb6 23. Rc2 Na4 24. Rac1 Qe7 25. Qe3 Rc7 26. Nd4 g6 27. g4 Qh4 28. h3
Rac8 29. Bf1 Bd7 30. Kg2 Qe7 31. Qg3 Kf8 32. Kh2 Ke8 33. Kg1 Kd8 34. Qe3 Ke8 35.
Bg2 Kd8 36. f5 Rc4 37. f6 Qf8 38. Bf1 R4c7 39. Nf3 Ke8 40. Be2 h6 41. Kh2 Kd8
42. Bd1 Rb7 43. Nd4 Rbc7 44. Ne2 Rb7 45. Ra2 Nb6 46. Nd4 Nc4 47. Qe2 a5 48. Bb3
a4 49. Bxc4 Rxc4 50. Rd2 Kc8 51. Rd3 Rbc7 52. Qd2 Kb7 53. Rf1 Ka6 54. Kg2 Kb7
55. Rff3 Ka6 56. Kf2 Qh8 57. Ke1 h5 58. Qg5 hxg4 59. Qxg4 Qb8 60. Kd2 Rc8 61.
Rde3 Rh8 62. Rf4 Rh5 63. Nf3 Rf5 64. Rd4 Rc8 65. Qg3 Be8 66. Rh4 Qc7 67. Rd4 Qb6
68. Qg4 Qb8 69. Ke2 Qb6 70. Qh4 Rh5 71. Qg3 Bd7 72. Kd2 Rf5 73. Rh4 Rc4 74. Nd4
Rf1 75. Re1 Rxe1 76. Qxe1 Rc8 77. Qe3 Qc7 78. Nc2 Rg8 79. Qd4 Be8 80. Ne1 g5 81.
Rh7 Qc4 82. Nd3 Qa2+ 83. Ke3 Qg2 84. Nc5+ Ka7 85. Nxe6+ Ka8 86. Qxd5+ Qxd5 87.
Nc7+ 1-0

[Event "FIDE World Cup 2023"]
[Site "Baku AZE"]
[Date "2023.07.30"]
[Round "1.1"]
[White "Baklan, Vladimir"]
[Black "Tin, Jingyao"]
[Result "1/2-1/2"]
[WhiteTitle "GM"]
[BlackTitle "GM"]
[WhiteElo "2550"]
[BlackElo "2573"]
[WhiteFideId "14102196"]
[BlackFideId "5804418"]
[EventDate "2023.07.30"]
[EventType "k.o."]

1. e4 e5 2. Nf3 Nc6 3. Nc3 Nf6 4. Bb5 Bd6 5. d3 a6 6. Ba4 h6 7. a3 b5 8. Bb3 Bc5
9. Be3 d6 10. Nd5 O-O 11. O-O Rb8 12. Bxc5 dxc5 13. Ne3 Qd6 14. Nh4 Nd4 15. Ba2
Rd8 16. c3 Ne6 17. Nhf5 Qf8 18. Qf3 Ng5 19. Qg3 Rxd3 20. Qxe5 Bxf5 21. Qxf5
Ngxe4 22. Bb1 Rxe3 23. fxe3 Nd2 24. Re1 Nxb1 25. Raxb1 Re8 26. Rbd1 Re6 27. Qd3
Rd6 28. Qf5 Re6 29. Qd3 Rd6 30. Qf5 Re6 1/2-1/2

[Event "FIDE World Cup 2023"]
[Site "Baku AZE"]
[Date "2023.07.30"]
[Round "1.1"]
[White "Nasuta, Grzegorz"]
[Black "Erdos, Viktor"]
[Result "1/2-1/2"]
[WhiteTitle "GM"]
[BlackTitle "GM"]
[WhiteElo "2552"]
[BlackElo "2571"]
[WhiteFideId "1141686"]
[BlackFideId "719978"]
[EventDate "2023.07.30"]
[EventType "k.o."]

1. e4 e5 2. Nf3 Nc6 3. Bc4 Nf6 4. d3 d5 5. exd5 Nxd5 6. O-O Be7 7. Re1 f6 8. h3
Be6 9. Bb3 a5 10. c3 Bf7 11. d4 exd4 12. cxd4 O-O 13. Nc3 Bb4 14. Bd2 Nb6 15.
Ne4 Bxb3 16. Qxb3+ Qd5 17. Qc2 Bxd2 18. Qxd2 Nc4 19. Qc3 Nd6 20. Qc5 Qxc5 21.
Nxc5 Nb4 22. Re7 Rf7 23. Rxf7 Kxf7 24. a3 Nd5 25. Rc1 b6 26. Nd3 Ke6 27. Kf1 Kd7
28. g3 h5 29. a4 Nf5 30. h4 Rf8 31. Ke2 Re8+ 32. Kd2 Nd6 33. Re1 Ne4+ 1/2-1/2

[Event "FIDE World Cup 2023"]
[Site "Baku AZE"]
[Date "2023.07.30"]
[Round "1.1"]
[White "Can, Emre"]
[Black "Quesada Perez, Luis Ernesto"]
[Result "1/2-1/2"]
[WhiteTitle "GM"]
[BlackTitle "GM"]
[WhiteElo "2570"]
[BlackElo "2553"]
[WhiteFideId "6302181"]
[BlackFideId "3520773"]
[EventDate "2023.07.30"]
[EventType "k.o."]

1. d4 Nf6 2. c4 g6 3. Nc3 d5 4. cxd5 Nxd5 5. e4 Nxc3 6. bxc3 Bg7 7. Nf3 c5 8.
Bb5+ Nc6 9. O-O cxd4 10. cxd4 O-O 11. Bxc6 bxc6 12. Qc2 Bg4 13. Ne5 Qxd4 14. Bb2
Qb6 15. Rab1 Bxe5 16. Bxe5 Qa5 17. Bc3 Qc5 18. Qb2 a5 19. Bd4 Qd6 20. Qc3 Rfe8
21. a4 c5 22. Bxc5 Qc6 23. Qa3 Bd7 24. Ra1 Qxe4 25. Rfe1 Qf5 26. Bxe7 Ra6 27. h3
Re6 28. Rxe6 Qxe6 29. Bg5 f6 30. Bd2 Qd5 1/2-1/2

[Event "FIDE World Cup 2023"]
[Site "Baku AZE"]
[Date "2023.07.30"]
[Round "1.1"]
[White "Nesterov, Arseniy"]
[Black "Peralta, Fernando"]
[Result "1/2-1/2"]
[WhiteTitle "GM"]
[BlackTitle "GM"]
[WhiteElo "2554"]
[BlackElo "2568"]
[WhiteFideId "24198455"]
[BlackFideId "105309"]
[EventDate "2023.07.30"]
[EventType "k.o."]

1. d4 d5 2. c4 e6 3. Nf3 Nf6 4. g3 Bb4+ 5. Bd2 Be7 6. Bg2 O-O 7. O-O c6 8. Qc2
Nbd7 9. b3 Ne4 10. Bf4 f5 11. Nc3 g5 12. Be3 Bf6 13. Rad1 Qe7 14. Nxe4 fxe4 15.
Ne1 b6 16. f3 exf3 17. Nxf3 Bb7 18. Qd2 g4 19. Ne1 Bg7 20. Nd3 Rxf1+ 21. Rxf1
Rf8 22. Nf2 h5 23. Bg5 Qe8 24. Bh6 Qg6 25. Bxg7 Qxg7 26. Qe3 e5 27. cxd5 cxd5
28. dxe5 Qxe5 29. Qd2 Nc5 30. Rd1 Rd8 31. b4 Ne6 32. Nd3 Qd4+ 33. Kh1 Qg7 34.
Nf4 Nxf4 35. Qxf4 d4 36. Bxb7 Qxb7+ 37. Kg1 Qe7 38. a3 a5 39. bxa5 bxa5 40. a4
Rd5 41. e3 Re5 42. Qxd4 Rxe3 43. Qd5+ Kg7 44. Qxa5 Rxg3+ 45. hxg3 Qe3+ 46. Kf1 1/2-1/2

[Event "FIDE World Cup 2023"]
[Site "Baku AZE"]
[Date "2023.07.30"]
[Round "1.1"]
[White "Asadli, Vugar"]
[Black "Le, Tuan Minh"]
[Result "1-0"]
[WhiteTitle "GM"]
[BlackTitle "GM"]
[WhiteElo "2567"]
[BlackElo "2557"]
[WhiteFideId "13405764"]
[BlackFideId "12401153"]
[EventDate "2023.07.30"]
[EventType "k.o."]

1. e4 e5 2. Nf3 Nc6 3. Bb5 a6 4. Ba4 Nf6 5. O-O Nxe4 6. d4 b5 7. Bb3 d5 8. dxe5
Be6 9. c3 Bc5 10. Nbd2 O-O 11. Bc2 Bf5 12. Nb3 Bg6 13. Nfd4 Bxd4 14. Nxd4 Qd7
15. Nxc6 Qxc6 16. Be3 Rfe8 17. Bd4 Rad8 18. Re1 Nc5 19. Bxg6 hxg6 20. Qg4 Qe6
21. Qh4 Nd7 22. f4 c5 23. Bf2 Rc8 24. Rad1 Nb6 25. g4 d4 26. cxd4 Nd5 27. Rd3 c4
28. f5 gxf5 29. Rh3 Qh6 30. Qxh6 gxh6 31. gxf5 Kh7 32. Be3 Rc6 33. Kf2 Rg8 34.
f6 Rg6 35. Bc1 b4 36. Re2 c3 37. Kf3 Re6 38. Rg3 Re8 39. Reg2 cxb2 40. Bxb2
Rxg3+ 41. Rxg3 Kh8 42. Rg7 Rc8 43. Rxf7 Rc2 44. Rd7 Nxf6 45. exf6 Kg8 46. Rg7+ 1-0

[Event "FIDE World Cup 2023"]
[Site "Baku AZE"]
[Date "2023.07.30"]
[Round "1.1"]
[White "Mchedlishvili, Mikheil"]
[Black "Laurusas, Tomas"]
[Result "1/2-1/2"]
[WhiteTitle "GM"]
[BlackTitle "GM"]
[WhiteElo "2561"]
[BlackElo "2566"]
[WhiteFideId "13600966"]
[BlackFideId "12803731"]
[EventDate "2023.07.30"]
[EventType "k.o."]

1. Nf3 d5 2. d4 Nf6 3. Bf4 c5 4. e3 Nc6 5. Nbd2 e6 6. c3 Bd6 7. Bg3 O-O 8. Bd3
Qe7 9. Ne5 Qc7 10. f4 Ne7 11. Bh4 Ng6 12. Bg5 cxd4 13. cxd4 Bb4 14. Bxf6 gxf6
15. Ng4 f5 16. Nf6+ Kg7 17. Nh5+ Kh8 18. h3 Qe7 19. Qe2 Bd7 20. O-O-O a5 21. Kb1
a4 22. Nf3 a3 23. b3 Rfc8 24. g4 Rc3 25. Rc1 Rxc1+ 26. Rxc1 f6 27. Bb5 Be8 28.
Ng3 fxg4 29. hxg4 Bd6 30. Nh5 Nf8 31. Bxe8 Rxe8 32. Qd3 Qf7 33. Rh1 Be7 34. f5
exf5 35. Qxf5 Bd8 36. Re1 Ng6 37. g5 Rf8 38. gxf6 Bxf6 39. Rc1 Ne7 40. Qxf6+
Qxf6 41. Nxf6 Rxf6 42. Ne5 Rf2 43. Rc2 Rf1+ 44. Rc1 Rxc1+ 45. Kxc1 Kg7 46. Kc2
Kf6 47. Nd3 Kf5 48. b4 Ke4 49. Kd2 b5 50. Ke2 Nc6 51. Nc5+ Kf5 52. Na6 h5 53.
Kf3 h4 54. Nc7 Nxb4 55. Nxb5 Nxa2 56. Nxa3 Nc3 57. Nc2 Ne4 58. Nb4 Ng5+ 59. Kf2
Ke4 60. Na6 Kd3 61. Nb4+ Kc4 62. Nc6 Kd3 63. Nb4+ Ke4 64. Na6 Kf5 65. Nb4 Ne4+
66. Kf3 Nd2+ 67. Kf2 Ke4 68. Kg2 Nc4 69. Kh3 Nxe3 70. Nxd5 Kxd5 71. Kxh4 Ng4 72.
Kxg4 Kxd4 1/2-1/2

[Event "FIDE World Cup 2023"]
[Site "Baku AZE"]
[Date "2023.07.30"]
[Round "1.1"]
[White "Karthik, Venkataraman"]
[Black "Kaidanov, Gregory"]
[Result "1/2-1/2"]
[WhiteTitle "GM"]
[BlackTitle "GM"]
[WhiteElo "2565"]
[BlackElo "2563"]
[WhiteFideId "25006479"]
[BlackFideId "2008564"]
[EventDate "2023.07.30"]
[EventType "k.o."]

1. d4 d5 2. c4 e6 3. Nf3 Nf6 4. Nc3 c6 5. Bg5 Nbd7 6. e3 Be7 7. Bd3 h6 8. Bh4
O-O 9. O-O dxc4 10. Bxc4 b5 11. Bd3 Bb7 12. Rc1 Rc8 13. a3 a5 14. Ne5 Nxe5 15.
dxe5 Nd7 16. Bxe7 Qxe7 17. f4 Nc5 18. Bb1 Rfd8 19. Qc2 g6 20. Ne2 Nd7 21. Nd4 c5
22. Nxb5 Ba6 23. Nd6 Bxf1 24. Nxc8 Rxc8 25. Kxf1 c4 26. Qd2 Nb6 27. Qd4 Qc7 28.
e4 Rd8 29. Qe3 Kg7 30. Ke2 Qc6 31. Qc3 Qb5 32. Bc2 Rb8 33. h3 Nd7 34. Rb1 Nc5
35. Kf3 Rd8 36. Rd1 Rxd1 37. Bxd1 Nd3 38. Bc2 1/2-1/2

[Event "FIDE World Cup 2023"]
[Site "Baku AZE"]
[Date "2023.07.30"]
[Round "1.1"]
[White "Harsha, Bharathakoti"]
[Black "Pantsulaia, Levan"]
[Result "1-0"]
[WhiteTitle "GM"]
[BlackTitle "GM"]
[WhiteElo "2563"]
[BlackElo "2564"]
[WhiteFideId "5078776"]
[BlackFideId "13602071"]
[EventDate "2023.07.30"]
[EventType "k.o."]

1. d4 g6 2. c4 Bg7 3. e4 d6 4. Nc3 c5 5. d5 Bxc3+ 6. bxc3 e5 7. Bd3 Nd7 8. f4
Qf6 9. Ne2 Qh4+ 10. g3 Qe7 11. O-O h5 12. f5 gxf5 13. exf5 f6 14. Kh1 Qg7 15.
Ng1 Ne7 16. Nf3 Qg4 17. Be2 Qxf5 18. Ng5 Qg6 19. Ne6 Nb6 20. Bd3 e4 21. Nc7+ Kd8
22. Nxa8 Nxa8 23. Be2 Bh3 24. Rg1 Nb6 25. Bf4 f5 26. Rb1 Kc7 27. Qb3 Nec8 28. a4
Bg4 29. Bxg4 Qxg4 30. a5 Nd7 31. Qxb7+ Kd8 32. Rbf1 e3 33. Qb2 Re8 34. Re1 e2
35. Rg2 Qf3 36. Kg1 Qd3 37. Rgxe2 Rg8 38. Qb7 Qxc3 39. Bg5+ Nf6 40. Qf7 1-0

[Event "FIDE World Cup 2023"]
[Site "Baku AZE"]
[Date "2023.07.31"]
[Round "1.2"]
[White "Alhassadi, Yousef A."]
[Black "Cheparinov, Ivan"]
[Result "1/2-1/2"]
[BlackTitle "GM"]
[WhiteElo "2030"]
[BlackElo "2663"]
[WhiteFideId "9204725"]
[BlackFideId "2905540"]
[EventDate "2023.07.30"]
[EventType "k.o."]

1. e4 e5 2. Nc3 Nf6 3. Bc4 Nxe4 4. Qh5 Nd6 5. Qxe5+ Qe7 6. Qxe7+ Bxe7 7. Be2 Nf5
8. Nf3 Nc6 9. Nd5 Bd8 10. c3 Nce7 11. Nf4 d5 12. O-O c6 13. d4 f6 14. h4 Kf7 15.
Nd3 Bc7 16. Re1 a5 17. a4 b6 18. Bf1 Bd7 19. b3 h5 20. Ra2 Ng6 21. g3 Rae8 22.
Rae2 Nd6 23. Rxe8 Rxe8 24. Nf4 Rxe1 25. Nxe1 Ne4 26. Ne2 Bf5 27. Kg2 c5 28. f3
Nd6 29. Nf4 Nxf4+ 30. Bxf4 cxd4 31. cxd4 Ne8 32. Bxc7 Nxc7 33. Kf2 Ne6 34. Ke3
g5 1/2-1/2

[Event "FIDE World Cup 2023"]
[Site "Baku AZE"]
[Date "2023.07.31"]
[Round "1.2"]
[White "Bacrot, Etienne"]
[Black "Nay, Lin Tun"]
[Result "1-0"]
[WhiteTitle "GM"]
[BlackTitle "CM"]
[WhiteElo "2662"]
[BlackElo "2055"]
[WhiteFideId "605506"]
[BlackFideId "13004255"]
[EventDate "2023.07.30"]
[EventType "k.o."]

1. d4 Nf6 2. c4 e6 3. Nf3 d5 4. e3 Be7 5. b3 O-O 6. Bb2 c5 7. cxd5 Nxd5 8. dxc5
Bxc5 9. Bc4 Bb4+ 10. Nbd2 b5 11. Bxb5 Nc3 12. Bxc3 Bxc3 13. Rc1 Qa5 14. Bd3 Ba6
15. Qc2 Rc8 16. O-O Nd7 17. Nc4 Bxc4 18. bxc4 Bf6 19. Bxh7+ Kh8 20. Be4 Rab8 21.
Nd4 Qh5 22. Rfd1 Ne5 23. c5 g5 24. c6 Kg7 25. c7 Rb6 26. Rb1 Ng4 27. h3 Be5 28.
Rxb6 axb6 29. Qe2 Nf6 30. Qxh5 Nxh5 31. Nb5 Bxc7 32. Bb7 Rd8 33. Bf3 1-0

[Event "FIDE World Cup 2023"]
[Site "Baku AZE"]
[Date "2023.07.31"]
[Round "1.2"]
[White "Abera, Aydagnuhem Gezachew"]
[Black "Salem, A.R. Saleh"]
[Result "0-1"]
[WhiteTitle "CM"]
[BlackTitle "GM"]
[WhiteElo "2121"]
[BlackElo "2661"]
[WhiteFideId "10801839"]
[BlackFideId "9301348"]
[EventDate "2023.07.30"]
[EventType "k.o."]

1. e4 e5 2. Nf3 Nc6 3. Bc4 Nf6 4. d3 Bc5 5. O-O O-O 6. Nc3 a6 7. Bg5 h6 8. Be3
d6 9. Bxc5 dxc5 10. Nd5 Be6 11. Ne3 Qd6 12. Nh4 Bxc4 13. Nhf5 Qe6 14. Nxc4 g6
15. Ng3 Rad8 16. f4 exf4 17. Rxf4 Ne5 18. Ne3 Qb6 19. Ne2 Nh5 20. Rh4 Qf6 21.
Qe1 Qg5 22. Rh3 f5 23. exf5 Rde8 24. Qf2 gxf5 25. Rf1 Ng4 26. Nxg4 fxg4 27. Rxh5
Qxh5 28. Nf4 Qe5 29. Qg3 Qd4+ 30. Qf2 Rxf4 0-1

[Event "FIDE World Cup 2023"]
[Site "Baku AZE"]
[Date "2023.07.31"]
[Round "1.2"]
[White "Guseinov, Gadir"]
[Black "Jaiswal, Rupesh"]
[Result "1/2-1/2"]
[WhiteTitle "GM"]
[BlackTitle "FM"]
[WhiteElo "2661"]
[BlackElo "2122"]
[WhiteFideId "13401378"]
[BlackFideId "12300870"]
[EventDate "2023.07.30"]
[EventType "k.o."]

1. e4 c5 2. Nf3 d6 3. d4 cxd4 4. Nxd4 Nf6 5. Bb5+ Bd7 6. c4 g6 7. Bxd7+ Qxd7 8.
Nc3 Bg7 9. h3 O-O 10. Be3 Rc8 11. b3 Nc6 12. O-O Qd8 13. Rc1 Qa5 14. Re1 a6 15.
Qd3 Rab8 16. Nxc6 Rxc6 17. Nd5 Nxd5 18. exd5 Rc7 19. a4 Bb2 20. Bd2 Qc5 21. b4
Qd4 22. Qxd4 Bxd4 23. Re4 Be5 24. c5 f5 25. Re2 Rbc8 26. Be3 f4 27. Bd2 g5 28.
h4 h6 29. hxg5 hxg5 30. Rce1 Kf7 31. g3 Kg6 32. gxf4 gxf4 33. Kg2 Rh8 34. Rxe5
dxe5 35. Rxe5 Rd7 36. Bxf4 Rhd8 37. Be3 Rxd5 38. Rxe7 R8d7 39. Re4 Kf5 40. Kf3
Rd3 41. Rh4 Ra3 42. b5 axb5 43. axb5 Rb3 44. b6 Ke6 45. Rh6+ Kd5 46. Rh5+ Kc6
47. Rf5 Re7 48. Rf6+ Kb5 49. Rf5 Rc3 50. Kf4 Rc4+ 51. Kg5 Rxe3 52. fxe3 Re4 53.
Rf3 Kxc5 54. Kf5 Re8 55. Rh3 Kxb6 56. e4 Kc5 57. e5 b5 58. e6 b4 59. Kf6 Kc4 60.
Kf7 Rb8 61. e7 b3 62. Rh2 Kc3 63. Rh3+ Kc2 64. Rxb3 Kxb3 65. e8=Q Rxe8 66. Kxe8 1/2-1/2

[Event "FIDE World Cup 2023"]
[Site "Baku AZE"]
[Date "2023.07.31"]
[Round "1.2"]
[White "Rehan, Deng Cypriano"]
[Black "Sindarov, Javokhir"]
[Result "0-1"]
[BlackTitle "GM"]
[WhiteElo "2147"]
[BlackElo "2659"]
[WhiteFideId "32500084"]
[BlackFideId "14205483"]
[EventDate "2023.07.30"]
[EventType "k.o."]

1. d4 Nf6 2. Nf3 g6 3. c4 Bg7 4. Nc3 O-O 5. Bf4 d6 6. Qd2 c5 7. Bh6 cxd4 8. Nxd4
Bxh6 9. Qxh6 Nc6 10. O-O-O Ng4 11. Nxc6 bxc6 12. Qf4 Qa5 13. h3 Ne5 14. e3 Rb8
15. Qd4 Be6 16. f4 c5 17. Qd2 Nxc4 18. Bxc4 Bxc4 19. b3 Be6 20. Nd5 Qxd2+ 21.
Rxd2 Bxd5 22. Rxd5 a5 23. Kb2 a4 24. Rc1 axb3 25. axb3 Rb4 26. Rc4 Rxc4 27. bxc4
Rb8+ 28. Kc3 Ra8 29. Kb2 Kf8 30. e4 Ke8 31. Rd1 Kd7 32. g4 Kc6 33. Kb3 e6 34.
Re1 Ra7 35. Rd1 f5 36. gxf5 exf5 37. exf5 gxf5 38. Rd5 Rf7 39. h4 Kd7 40. Ka4 h5
41. Kb5 Rf8 42. Kb6 Rb8+ 43. Ka7 Rb4 44. Rxf5 Rxc4 45. Kb6 Rb4+ 46. Ka5 Kc6 47.
Rf8 Rb1 48. Rc8+ Kd7 49. Rh8 c4 50. Ka4 c3 51. Rh7+ Kc6 52. Rh8 Kc7 53. Rh7+ Kb6 0-1